| 000 | 00350nam a2200133Ia 4500 | ||
|---|---|---|---|
| 008 | 230917s9999||||xx |||||||||||||| ||und|| | ||
| 040 |
_e94735 _aMAIN |
||
| 041 | _aEnglish | ||
| 082 | _a677 G346S | ||
| 100 | _aGhosh, Debarish | ||
| 245 | 0 | _aStudies of clogging behaviour on some needled punched nonwoven geotextiles | |
| 300 | _a43 p. | ||
| 942 | _cTH | ||
| 999 |
_c74932 _d74932 |
||